000 00952nam0a22002411 4500
001 rc\2809811
005 20260407013605.0
035 _a(NLR Aleph) 006935680
090 _a7593631
_c7593631
100 _a20110915d1936 |||y0rusy50 ca
101 0 _arus
102 _aRU
105 _ay bj |||||
200 1 _aУчебники по техминимуму
_eКаталог ОНТИ
210 _a[Ленинград]
_cЛенкнигосбыт Объедин. науч.-техн. изд-ва Наркомтяжпрома
_d1936
_gтип. "Печатный труд"
215 _aОбл., 46 с., без тит. л., [2] с. "Для заметок"
_d12х9 см.
710 0 2 _aГОНТИ
_bСбытовое управление
_bЛенинградское обл. отделение
_9500505
_3RU\NLR\AUTH\8810001659
801 0 _aRU
_bNLR
_gpsbo
801 1 _aRU
_bELAR
_2rusmarc
852 _aNLR
_j36-8/1369
942 _cBOOK
980 _aNB